International financial markets : prices and policies /
International financial markets; Foreign exchange markets; Offshore financial markets; Derivative security markets; International asset portfolios; International Asset portfolios; Financial risk management; Regulatory issues.
Сохранить в:
| Главный автор: | |
|---|---|
| Формат: | |
| Язык: | English |
| Опубликовано: |
Boston, Mass :
Irwin/McGraw-Hill,
1998.
|
| Предметы: | |
| Метки: |
Добавить метку
Нет меток, Требуется 1-ая метка записи!
|
| Thư viện lưu trữ: | Mạng thư viện Đại học Đà Nẵng |
|---|
| LEADER | 01284cam a2200409 i 4500 | ||
|---|---|---|---|
| 001 | 000045147 | ||
| 003 | 4274 | ||
| 005 | 20030225161850.0 | ||
| 008 | 010220|1998 vm 000 eng | ||
| 020 | |a 0256130116 | ||
| 040 | |a IRC |c IRC |d IRC | ||
| 041 | 0 | |a eng | |
| 082 | 1 | 4 | |a 332.042 |b LE-R |
| 100 | 1 | |a Levich, Richard M. | |
| 245 | 0 | 0 | |a International financial markets : |b prices and policies / |c Richard M. Levich. |
| 260 | |a Boston, Mass : |b Irwin/McGraw-Hill, |c 1998. | ||
| 300 | |a 662p. ; |c 26cm. | ||
| 520 | 3 | |a International financial markets; Foreign exchange markets; Offshore financial markets; Derivative security markets; International asset portfolios; International Asset portfolios; Financial risk management; Regulatory issues. | |
| 630 | 0 | 4 | |a Finance. |
| 630 | 0 | 4 | |a Investment. |
| 630 | 0 | 4 | |a International finance. |
| 630 | 0 | 4 | |a Security markets. |
| 630 | 0 | 4 | |a Securities. |
| 630 | 0 | 4 | |a Foreign exchange. |
| 650 | 0 | 4 | |a International finance. |
| 650 | 0 | 4 | |a Investments, Foreign. |
| 650 | 0 | 4 | |a Securities |x Prices. |
| OWN | |a DUT | ||
| 999 | |a From the UDN01 | ||
| TYP | |a Monograph | ||
| TYP | |a Printed language | ||
| 980 | |a Mạng thư viện Đại học Đà Nẵng | ||


